00556nam a2200169 450000500170000001000150001702000270003203500140005903700130007308200100008610000230009624500530011926000350017227001030020730000260031050000500033620210217121341.0 aENG-127449 a9789382730606c1395.00 aEN-110981 bDBAD/PUB a370.1 aTambe,Shashikant L aPhilosophy of Education /cby Shashikant L Tambe aKanpurbGarima Prakashanc2018 a1st floor,.Mayur Park,Basant Vihar Naubasta, Kanpur-21bKanpure208021mgarima.prakashan@gmail.com aViiii;336p.c23cm(hb) aincludes bibliographical references and index